| 000 | 00650nam a22001817a 4500 | ||
|---|---|---|---|
| 003 | OSt | ||
| 005 | 20140310182959.0 | ||
| 008 | 130208t xxu||||| |||| 00| 0 eng d | ||
| 020 | _a9711500752 | ||
| 050 |
_aLB 1025 _b.Al347 1988 |
||
| 100 | _aAlcantara, Rebecca D. | ||
| 245 |
_aTeaching strategies I for the teaching of the communication arts : _b listening, speaking, reading and writing / _cRebecca D. Alcantara ... [et al.]. |
||
| 260 |
_aQuezon City : _b [Published for] Philippine Association for Teacher Education [by] Katha Pub., _c1988. |
||
| 300 |
_a170 p. : _bill. ; _c25 cm. |
||
| 521 | _aEDU | ||
| 942 |
_2lcc _cBK _kLOC |
||
| 999 |
_c18082 _d18082 |
||